Responses for Show #7811 - Monday, July 23, 2018

Contestants

[<< previous game]

Neel Kotra, an environmental engineer and consultant from Gainesville, Florida

Hollie Schmidt, a medical researcher from Lexington, Massachusetts

Dave Mattingly, a director of technology from Old Forge, Pennsylvania (whose 1-day cash winnings total $26,200)

[next game >>]

Jeopardy! Round responses

ALGAE WHIZ
HISTORY WILL NOTE
THE SECRET OF HOMONYM
FUNK & GAMES
SKYSCRAPER CITY
THE VIEW FROM THE TOP
    $200 16
plankton

Neel
    $200 15
the Berlin Wall

Neel
    $200 5
hide

Dave
    $200 9
backgammon

Hollie
    $200 26
London

Dave
    $200 21
a Ferris wheel

Hollie
    $400 17
kelp

Neel
    $400 1
(Dave: What is Trenton?)

Valley Forge

DaveNeel
    $400 6
fudge

Neel
    $400 10
Parliament

Neel
    $400 27
Seattle

Dave
    $400 22
King of the Hill

Dave
    $600 18
chlorophyll

Neel
    $600 2
the Holy Roman Empire

Neel
    $600 7
scale

Neel
    $600 11
Sorry!

Neel
    $600 28
Pittsburgh

Hollie
    $600 23
balloons

Hollie
    $800 19
chromosomes

Hollie
    $1,000 3
(Joseph) McCarthy

Neel
    $800 8
spruce

Hollie
    $800 12
a pin

Triple Stumper
    $800 29
Chicago

Dave
    $800 24
a meerkat

Neel
    $1000 20
(Dave: What is fungus?)

Protista or protists

Dave
Triple Stumper
    $1000 4
Uganda

Neel
    $1000 14
bore

Dave
    $1000 13
Stevie Wonder

Dave
    $1000 30
Kuala Lumpur

Dave
    $1000 25
Bolero

Hollie

Scores at the first commercial break (after clue 15):

Dave Hollie Neel
$1,800 $1,000 $5,200

Scores at the end of the Jeopardy! Round:

Dave Hollie Neel
$3,600 $4,200 $7,200

Double Jeopardy! Round responses

LITERARY TITLE REFERENCES
HIT THE BEACHES
BEFORE & AFTER PEOPLE
"PIN"-TEREST
DIRECTOR CAMEOS
THE 1917 SILENT PARADE
    $400 21
Aramis

Neel
    $400 26
Daytona

Neel
    $400 25
Michael Jordan Peele

Dave
    $400 2
a piñata

Dave
    $400 10
Lawrence of Arabia

Dave
    $400 28
lynching

Dave
    $800 17
(Neel: What is--oh. Puzo, no.)
(Dave: Who is Corleone?)
(Alex: Be more specific.)
(Dave: Uh, [*].)

Don Vito Corleone

DaveNeel
    $800 15
June 6th (or D-Day)

Dave
    $800 6
Craig T. Nelson Mandela

Triple Stumper
    $800 1
a pinion

Hollie
    $800 11
Rob Reiner

Dave
    $800 29
5th Avenue

Dave
    $1200 18
Quasimodo

Dave
    $4,000 16
(Alex: Dave?)
(Dave: What are copperheads?)

loggerheads

Dave
    $1200 7
Oedipus Rex Tillerson

Neel
    $1200 3
a pinnacle

Neel
    $1200 12
Stayin' Alive

Dave
    $1200 24
the NAACP

Dave
    $5,000 19
Arthur

Dave
    $1600 22
(Hollie: What is Malibu?)

Huntington Beach

Hollie
Triple Stumper
    $1600 8
Lil' Kim Jong-Un

Neel
    $1600 4
a pinafore

Hollie
    $1600 13
Ron Howard

Triple Stumper
    $1600 27
Liberia

Dave
    $2000 20
Santiago

Dave
    $2000 23
(Hollie: What is oystering?)

clamming

Hollie
Triple Stumper
    $2000 9
Jennifer Lawrence Ferlinghetti

Hollie
    $2000 5
a pinniped

Dave
    $2000 14
Ed Wood

Dave
    $2000 30
Crispus Attucks

Dave

Scores at the end of the Double Jeopardy! Round:

Dave Hollie Neel
$22,600 $5,000 $11,200
(lock game)

[wagering suggestions for these scores]

Final Jeopardy! Round responses

FRENCH PHRASES
HollieWhat is deja vu?
$4,995
NeelWhat is Deja Vu?
$350
DaveWhat is Deja Vu?
$0
déjà vu

Final scores:

Dave Hollie Neel
$22,600 $9,995 $11,550
2-day champion: $48,800 3rd place: $1,000 2nd place: $2,000

Game dynamics:

Coryat scores:

Dave Hollie Neel
$23,200 $5,000 $11,000
25 R
(including 1 DD),
3 W
(including 1 DD)
10 R,
2 W
18 R
(including 1 DD),
1 W

Combined Coryat: $39,200

[game clues] [game scores] [suggest correction]

Game tape date: 2018-04-04
The J! Archive is created by fans, for fans. Scraping, republication, monetization, and malicious use prohibited; this site may use cookies and collect identifying information. See terms. The Jeopardy! game show and all elements thereof, including but not limited to copyright and trademark thereto, are the property of Jeopardy Productions, Inc. and are protected under law. This website is not affiliated with, sponsored by, or operated by Jeopardy Productions, Inc. Join the discussion at JBoard.tv.